El Impresionismo

-д хадгалсан:
Номзүйн дэлгэрэнгүй
Үндсэн зохиолч: Serullaz, Maurice (Зохиогч)
Формат: Ном
Хэл сонгох:испани
Хэвлэсэн: Buenos Aires EUDEBA 1968
Цуврал:Los Indispensables, 170
Нөхцлүүд:
Шошгууд: Шошго нэмэх
Шошго байхгүй, Энэхүү баримтыг шошголох эхний хүн болох!

MARC

LEADER 00000cam a2200000 a 4500
001 UCF8743
003 CL-VaPUC
008 131004e19680000ag |||||||||||||||||spa|d
082 0 4 |a 759.05  |b SER  |2 21 
100 0 |a Serullaz, Maurice  |e author  |9 570883 
245 1 3 |a El Impresionismo 
300 |a 119 p 
942 |c BK 
945 |d 20131004 22:02:00  |a dcastane 
260 |a Buenos Aires  |b EUDEBA  |c 1968 
650 7 |a PINTURA SIGLO 19  |2 CL-VaPUC  |9 341251 
650 0 |a Pintura francesa  |9 266122 
650 7 |a IMPRESIONISMO  |2 CL-VaPUC  |9 324638 
583 |a last modification  |c 20131004 22:02:00  |k Rodrigo Vera 
490 0 |a Los Indispensables, 170 
999 |c 353302  |d 353300 
952 |0 0  |1 0  |3 erb  |4 0  |6 759_050000000000000_SER_1968  |7 0  |8 A  |9 458439  |a BIBART  |b BIBART  |d 2019-11-23  |i 5010659  |o 759.05 SER 1968  |p 5010659  |r 2025-03-13  |w 2019-11-23  |y BK  |z Catalogado en:20131004  |k ART 
952 |0 0  |1 0  |3 erb  |4 0  |6 759_050000000000000_SER_1968  |7 0  |8 A  |9 458440  |a BIBART  |b BIBART  |i 505477K  |o 759.05 SER 1968  |p 505477K  |r 2025-03-13  |w 2019-11-23  |y BK  |z Catalogado en:20140307  |k ART